000 00487nam a2200169Ia 4500
999 _c577
_d577
003 OSt
005 20210909112441.0
008 190216s9999||||xx |||||||||||||| ||und||
040 _coclc
082 _a892.78
_bMAW/S
100 _aMawlawi, N K Ahmed
_98817
245 0 _aAl Shafi Fi Ilmi Al Aroodi Wal Qoofi /
_cN K Ahmed Mawlawi
260 _bHadi Library,
_aCalicut:
_c1998.
300 _a48p
650 _aArabic
942 _cBK
_2ddc
_h892.78
_iMAW/S
_k892.78
_mMAW/S